000 02418nam a2200253Ia 4500
003 Ost
005 20260507074935.0
008 260507s9999||||xx |||||||||||||| ||und||
040 _cfsecg
041 _aara
082 _a364.133
100 _aالجرد، هيام
_eمؤلف
245 0 _aالمد والجزر بين السرية المصرفية وتبييض الاموال /
_c هيام الجرد
250 _aطبعة 1
260 _aبيروت:
_bمنشورات الحلبي,
_c2004
300 _a383 صفحة؛
_bإيضاحات ؛
_c24 سم
504 _aبيبليوغرافيا ص.375؛ ملاحق ص.195
520 _a تقديم-القسم الأول : التعريف بالمصارف والقانون المصرفي وعملياته : الباب الأول : الفصل الأول : التعريف بالمصارف : الفصل الثاني : العلم بالقانون المصرفي وعملياته : الباب الثاني : الفصل الأول : التعريف بالسرية المسرفية : الفصل الثاني : رفع السرية المصرفية : الفقرة الاولى : حالات رفع السرية المصرفية-القسم الثاني : ماهية غسل الأموال وجريمة غسل الأموال : الباب الأول : ماهية غسل الأموال الملوثة : الفصل الأول : غسل الأموال ومفهومه : الفصل الثاني : من يقوم بغسل الأموال : الفصل الثالث : مم تنتج الأموال الملوثة : الفصل الرابع : مراحل غسل الأموال : الباب الثاني : جريمة غسل الأموال الملوثة-القسم الثالث : واقع غسل الأموال عبر العالم وتجارب بعض الدول في مكافحة عمليات غسل الأموال : الباب الأول : واقع غسل الأموال عبر العالم حالات وأمثلة : المبحث الأول : جمهورية مصر : المبحث الثاني : منطقة الخليج العربي : المبحث الثالث : جمهورية لبنان : الباب الثاني : مكافحة عمليات غسل الأموال.
653 _aالبنوك--قوانين وتشريعات
653 _aالجرائم الاقتصادية
653 _aالنقود--قوانين وتشريعات
653 _aجرائم الأموال
942 _cكتاب
999 _c41881
_d41881